Statistiche per Province italiane con la P

Clicka qui per fare il quiz!

Statistiche generali

  • Questo quiz è stato fatto 46 volte
  • Il punteggio medio è 11 su 13

Statistiche sulle risposte

ProvinceSigla% Corretto
PadovaPD
100%
PerugiaPG
95%
PotenzaPZ
93%
PalermoPA
88%
ParmaPR
83%
PiacenzaPC
83%
PaviaPV
80%
PescaraPE
80%
PordenonePN
80%
PisaPI
78%
PistoiaPT
76%
Pesaro e UrbinoPU
73%
PratoPO
68%

Distribuzione punteggi

Percentile per numero di risposta

Percentuale di utenti per punteggio

I tuoi punteggi nel tempo

Non hai fatto questo quiz